ゆいレール乗降客数ランキング - Statistics

General Stats
  • This quiz has been taken 37 times
  • The average score is 10 of 19
Answer Stats
数(人) % Correct
那覇空港 2,611,631
100%
県庁前 2,383,935
79%
おもろまち 1,877,478
67%
旭橋 1,572,796
61%
赤嶺 897,062
58%
首里 889,006
58%
てだこ浦西 736,301
55%
美栄橋 1,178,750
52%
小禄 1,305,035
48%
牧志 1,155,984
48%
浦添前田 259,783
48%
安里 915,261
45%
経塚 300,855
45%
奥武山公園 808,948
42%
石嶺 522,560
36%
市立病院前 356,600
36%
古島 946,991
33%
壺川 753,993
33%
儀保 475,310
33%
No matching quizzes found
Score Distribution
Percent of People with Each Score
Percentile by Number Answered
Your Score History
You have not taken this quiz